Vývoj občianskeho procesného práva po roku 1991 a po vstupe Slovenska do Európskej únie (Inauguračná prednáška)
Vnútroštátny vývoj občianskeho procesu a občianskeho procesného práva. Európsky civilný proces a občianske procesné právo. Niektoré pedagogické aspekty.
Salvato in:
| Autore principale: | |
|---|---|
| Natura: | Capitolo di libro |
| Lingua: | slovacco |
| Soggetti: | |
| Tags: |
Nessun Tag, puoi essere il primo ad aggiungerne!!
|
MARC
| LEADER | 00000naa$a2200000$$$4500 | ||
|---|---|---|---|
| 001 | 0052491 | ||
| 005 | 20231102091740.7 | ||
| 041 | 0 | |a slo | |
| 044 | |a SK | ||
| 245 | 1 | 0 | |a Vývoj občianskeho procesného práva po roku 1991 a po vstupe Slovenska do Európskej únie |b (Inauguračná prednáška) |c Ján Mazák |
| 520 | |a Vnútroštátny vývoj občianskeho procesu a občianskeho procesného práva. Európsky civilný proces a občianske procesné právo. Niektoré pedagogické aspekty. | ||
| 610 | 2 | 0 | |a právo občianske |
| 610 | 2 | 0 | |a právo procesné medzinárodné |
| 610 | 2 | 0 | |a Slovensko |
| 610 | 2 | 0 | |a Európska únia |
| 610 | 2 | 0 | |a aproximácia práva |
| 100 | 1 | |a Mazák, Ján | |